| Tag |
First Indicator |
Second Indicator |
Subfields |
| LEADER |
00000cam a2200000 a 4500 |
| 001 |
in00000028035 |
| 005 |
20151007055942.0 |
| 008 |
860616s1987 caua b 00000 eng |
| 010 |
|
|
|a 86015515
|
| 020 |
|
|
|a 0803928114
|
| 020 |
|
|
|a 0803928122 (pbk.)
|
| 035 |
|
|
|a (OCoLC)13903386
|
| 035 |
|
|
|9 AAB9724AM
|
| 040 |
|
|
|a DLC
|c DLC
|d TXA
|d UtOrBLW
|
| 043 |
|
|
|a n-us---
|
| 049 |
|
|
|a TXAM
|c [A11496669]
|
| 050 |
0 |
0 |
|a KF390.W6
|b W65 1987
|
| 082 |
0 |
|
|a 342.73/0878/0269
|a 347.3028780269
|2 19
|
| 245 |
0 |
0 |
|a Women, the courts, and equality /
|c edited by Laura L. Crites, Winifred L. Hepperle.
|
| 264 |
|
1 |
|a Newbury Park :
|b Sage,
|c [1987]
|
| 264 |
|
4 |
|c ©1987
|
| 300 |
|
|
|a 256 pages :
|b illustrations ;
|c 23 cm.
|
| 336 |
|
|
|a text
|b txt
|2 rdacontent
|
| 337 |
|
|
|a unmediated
|b n
|2 rdamedia
|
| 338 |
|
|
|a volume
|b nc
|2 rdacarrier
|
| 490 |
1 |
|
|a Sage yearbooks in women's policy studies ;
|v v. 11
|
| 504 |
|
|
|a Includes bibliographies.
|
| 650 |
|
0 |
|a Women
|x Legal status, laws, etc.
|z United States.
|
| 650 |
|
0 |
|a Sex discrimination against women
|x Law and legislation
|z United States.
|
| 650 |
|
0 |
|a Courts
|z United States
|x Officials and employees.
|
| 700 |
1 |
|
|a Crites, Laura L.
|
| 700 |
1 |
|
|a Hepperle, Winifred L.
|
| 830 |
|
0 |
|a Sage yearbooks in women's policy studies ;
|v v. 11.
|
| 999 |
|
|
|a MARS
|
| 999 |
f |
f |
|s 2a985159-ce70-3aa2-b9a0-df9b23f2a122
|i fc5556bd-9640-306c-b5de-acb3fa54b2c5
|t 0
|
| 952 |
f |
f |
|p ric
|a Texas A&M University
|b Rellis Campus
|c Joint Library Facility
|d Remote Storage
|t 0
|e KF390.W6 W65 1987
|h Library of Congress classification
|i unmediated -- volume
|m A14811496669
|
| 998 |
f |
f |
|a KF390.W6 W65 1987
|t 0
|l Remote Storage
|